000 00515nam a2200169Ia 4500
008 090201s9999 xx 000 0 und d
010 _aKPL-64308
040 _bमराठी
041 _aमराठी
082 _a31525
_b64308
100 _aसुनिल इनामदार
245 _aशतकारंभ
_cसुनिल इनामदार
260 _c2004
_bसुनिल प्रकाशन
300 _a222
_bमोठा
600 _aशतकारंभ
942 _cBOOK
999 _c229977
_d229977